Wallach.-Klobouk. 6874 /

Korporativní autor: Zeměměřičský úřad Čechy a Morava
Jazyk: Němčina
Čeština
Vydáno: [Prag] : Landesvermmessungsamt Böhmen und Mähren, 1944
Vydání: Vorläufige Ausgabe
Edice: Topographische Karte 1:25 000 (4-cm-Karte) ; 6874, 1944
Topographische Karte (Meßtischblätter) 1:25 000 Protektorat (4-cm-Karte) ; 6874, 1944
Témata:
Externí odkaz: Digitalizovaný dokument
Fyzický popis: 1 mapa : barevná ; 45 x 49 cm, na listu 60 x 65 cm
Mapy
Uloženo v:
LEADER 02222nem a2200517 i 4500
001 001786111
003 CZ BrMZK
005 20210301141727.0
007 aj|canzn
008 210301s1944 xr a 0| ger d
034 1 |a a  |b 25000  |d E0180000  |e E0181000  |f N0491200  |g N0490600 
040 |a BOA001  |b cze  |e rda 
041 0 |a ger  |a cze 
043 |a e-xr---  |b e-xr-zl  |a e-xo--- 
072 7 |a 623  |x Vojenská technika  |2 Konspekt  |9 7 
072 7 |a 912  |x Mapy. Atlasy. Glóby  |2 Konspekt  |9 7 
080 |a 623.64  |2 MRF 
080 |a 913(437.323)  |2 MRF 
080 |a 913(437.6)  |2 MRF 
080 |a (084.3)528.42  |2 MRF 
080 |a (084.3)355/359  |2 MRF 
110 2 |a Zeměměřičský úřad Čechy a Morava  |7 mzk2015875170  |4 ctg  |4 pbl 
245 1 0 |a Wallach.-Klobouk.  |p 6874 /  |c Herausgegeben vom Landesvermmessungsamt Böhmen und Mähren 
246 3 0 |a 6874 
250 |a Vorläufige Ausgabe 
255 |a Měřítko 1:25 000  |c (E 18°00'00"--E 18°10'00"/N 49°12'00"--N 49°06'00") 
264 1 |a [Prag] :  |b Landesvermmessungsamt Böhmen und Mähren,  |c 1944 
300 |a 1 mapa :  |b barevná ;  |c 45 x 49 cm, na listu 60 x 65 cm 
336 |a kartografický obraz  |b cri  |2 rdacontent 
337 |a bez média  |b n  |2 rdamedia 
338 |a list  |b nb  |2 rdacarrier 
490 1 |a Topographische Karte 1:25 000 (4-cm-Karte) ;  |v 6874, 1944 
490 1 |a [Topographische Karte (Meßtischblätter) 1:25 000 Protektorat (4-cm-Karte)] ;  |v 6874, 1944 
500 |a Dvojbarevný otisk 
500 |a Další údaje o vydání: Ausgabe 1944 ; Nur für den Dienstgebrauch! 
500 |a Dostupné též v digitální podobě v aplikaci Kramerius 
650 7 |a vojenská topografie  |7 ph316247  |2 czenas 
651 7 |a Valašské Klobouky (Česko : oblast)  |7 ge118076  |2 czenas 
655 7 |a topografické mapy  |7 fd809173  |2 czenas 
655 7 |a vojenské mapy  |7 fd133817  |2 czenas 
830 0 |a Topographische Karte 1:25 000 (4-cm-Karte) ;  |v 6874, 1944 
830 0 |a Topographische Karte (Meßtischblätter) 1:25 000 Protektorat (4-cm-Karte) ;  |v 6874, 1944 
856 4 1 |u http://www.digitalniknihovna.cz/mzk/uuid/uuid:65713230-92e7-11eb-b8bc-005056827e52  |y Digitalizovaný dokument  |x NDK 
910 |a BOA001  |b Mpa-0919.689,6874-44 
990 |a MP 
991 |b 202101